Predať, či nepredať, zdaniť, či nezdaniť dlhopis Fondu národného majetku SR

Zdaňovanie výnosu dlhopisu. Zdanenie príjmu z predaja dlhopisu, ak fyzická osoba o ňom neúčtuje. Splatenie dlhopisu. Zdanenie príjmu z predaja (splatenia) dlhopisu, ak o ňom fyzická osoba účtuje. Kompenzácia daňových nedoplatkov.p

Guardado en:
Detalles Bibliográficos
Autor principal: Mäsiarová, Terézia
Formato: Capítulo de libro
Lenguaje:eslovaco
Materias:
Etiquetas: Agregar Etiqueta
Sin Etiquetas, Sea el primero en etiquetar este registro!

MARC

LEADER 00000naa a2200000 4500
001 r039741
005 20230926083431.2
041 0 |a slo 
044 |a SK 
245 1 0 |a Predať, či nepredať, zdaniť, či nezdaniť dlhopis Fondu národného majetku SR  |c Terézia Mäsiarová 
520 |a Zdaňovanie výnosu dlhopisu. Zdanenie príjmu z predaja dlhopisu, ak fyzická osoba o ňom neúčtuje. Splatenie dlhopisu. Zdanenie príjmu z predaja (splatenia) dlhopisu, ak o ňom fyzická osoba účtuje. Kompenzácia daňových nedoplatkov.p 
610 2 0 |a dlhopisy 
610 2 0 |a dlhopisy štátne 
610 2 0 |a FNM SR Bratislava 
610 2 0 |a zdaňovanie 
610 2 0 |a výnosy 
610 2 0 |a osoby fyzické 
610 2 0 |a účtovanie 
100 1 |a Mäsiarová, Terézia